000 00452nam a2200181Ia 4500
001 8660
005 20260306160626.0
008 260306t2007||||xx |||||||||||||| ||spa||
041 _aESP
082 _a371.26
_bH442
100 _aHidalgo Matos, Menigno
_eAUT
245 0 _aNueva cultura evaluativa:
_bcómo evaluar aprendizajes
260 _c2007
300 _a171 páginas :
_c21 cm.
650 _aGEN
654 _aCED
942 _cLIB
_dJUS
_fJUS
_2ddc
_n
999 _c8660
_d8660